| 000 | 00523nam a2200217 454500 | ||
|---|---|---|---|
| 001 | 057313 | ||
| 003 | BD-ChCU | ||
| 008 | Eng | ||
| 020 | _ax | ||
| 040 |
_aDLC _cDLC _dBD-ChCU |
||
| 082 | 0 | 0 | _aR/425/A652 |
| 100 | 1 |
_aNesfield, J.C. _bDas, P.C. |
|
| 245 | 1 | 0 |
_aApplied English Grammar And Composition ( Anglo- Bengali) _bx |
| 250 | _a4 | ||
| 260 |
_aCalcutta _bx _c1997 |
||
| 300 | _a557p | ||
| 504 | _ax | ||
| 650 | 0 |
_aEnglish Language -Grammar. _bEnglish Grammar. |
|
| 700 | 1 | _aDey. M.L, | |
| 942 |
_2ddc _cBK |
||
| 999 |
_c57313 _d57313 |
||